حيوانات الغابة / (رقم التسجيلة. 112037)

تفاصيل مارك
000 -الفاتح
عناصر البيانات ثابتة الطول 00943nam a22002657i 4500
005 - تاريخ ووقت آخر معاملة
حقل ضبط 20251108174541.0
008 - عناصر البيانات ثابتة الطول
عناصر البيانات ثابتة الطول 250721s2003 ua a cr 000 0 ara d
020 ## - الترقيم الدولي المعياري للكتب (ردمك)
الترقيم الدولي المعياري للكتب (ردمك) 9773455165
041 1# - كود اللغة
كود اللغة لنص/مسار صوت أو عنوان منفصل ara
082 14 - رقم تصنيف ديوي العشري
رقم التصنيف 599
رقم المادة ه ا و
100 1# - مدخل رئيسي – اسم شخصي
الاسم الشخصي هاول، لورا
علاقة الشخص بالعمل/ دوره مؤلف.
245 10 - بيان العنوان
العنوان حيوانات الغابة /
بيان المسؤولية تأليف لورا هاول، باربارا كورك : ترجمة إيهاب عبدالسلام.
260 1# - بيانات النشر، التوزيع…إلخ
تاريخ النشر، التوزيع...إلخ .
264 31 - بيانات النشر، التوزيع…إلخ
مكان النشر، التوزيع...إلخ القاهرة :
اسم الناشر، الموزع...إلخ دار الفاروق للنشر والتوزيع،
تاريخ النشر، التوزيع...إلخ 2003.
300 ## - الوصف المادي
عدد الوحدات المكونة للوعاء 23 صفحة.
490 0# - بيان السلسلة
عنوان السلسلة هذا خلق الله.
650 17 - مدخل إضافي بالموضوع - مصطلح موضوعي
مصطلح موضوعي أو اسم جغرافي كعنصر مدخل العلوم.
650 17 - مدخل إضافي بالموضوع - مصطلح موضوعي
مصطلح موضوعي أو اسم جغرافي كعنصر مدخل الحيوانات.
653 ## - رأس موضوع – غير مقيد
المصطلح / رأس الموضوع غير المقيد اطفال مرحله متوسطه (6-9) سنوات.
700 1# - مدخل إضافي - اسم شخصي
الاسم الشخصي عبد السلام، إيهاب
علاقة الشخص بالعمل/ دوره مترجم.
700 1# - مدخل إضافي - اسم شخصي
الاسم الشخصي كورك، باربارا
علاقة الشخص بالعمل/ دوره مؤلف.
830 10 - مدخل إضافي بالسلسلة-عنوان مقنن
عنوان السلسسلة هذا خلق الله.
942 ## - بيانات إضافية (كوها)
نوع التنصيف Dewey Decimal Classification
نوع المادة (كوها) كتب
المقتنيات
حالة السحب حالة الفقدان مصدر التصنيف حالة التلف غير قابل للإعارة المكتبة الرئيسية المكتبة الحالية موقع الرف تاريخ التزويد الرقم المتسلسل Total Checkouts رقم الإستدعاء الباركود تاريخ آخر ظهور تاريخ الفاتورة نوع المادة (كوها) مصدر التزويد العملة التكلفة، سعر الشراء العادي التكلفة وسعر الاستبدال
    Dewey Decimal Classification     المكتبة المركزية المكتبة المركزية مقتنيات قسم التزويد 28/07/2025 1190025   ط/599/هاو PLD00008454 28/07/2025 28/07/2025 كتب        
    Dewey Decimal Classification     المكتبة المركزية المكتبة المركزية الأطفال 21/10/2025 1795849   ط / 599 / ه ا و PLD00518830 21/10/2025 21/10/2025 كتب 18 JOD 3.00 3.00
    Dewey Decimal Classification     مكتبة البشائر للأطفال مكتبة البشائر للأطفال الأطفال 21/10/2025 1795852   ط / 599 / ه ا و PLD00518833 21/10/2025 21/10/2025 كتب 18 JOD 3.00 3.00
    Dewey Decimal Classification     مكتبة قتيبة للأطفال مكتبة قتيبة للأطفال الأطفال 21/10/2025 1795854   ط / 599 / ه ا و PLD00518835 21/10/2025 21/10/2025 كتب 18 JOD 3.00 3.00
    Dewey Decimal Classification     مكتبة البراءة للأطفال مكتبة البراءة للأطفال الأطفال 21/10/2025 1795858   ط / 599 / ه ا و PLD00518839 21/10/2025 21/10/2025 كتب 18 JOD 3.00 3.00
    Dewey Decimal Classification     مكتبة الراية الهاشمية للأطفال مكتبة الراية الهاشمية للأطفال الأطفال 21/10/2025 1795856   ط / 599 / ه ا و PLD00518837 21/10/2025 21/10/2025 كتب 18 JOD 3.00 3.00
    Dewey Decimal Classification     مكتبة النصر العامة مكتبة النصر العامة الأطفال 21/10/2025 1795853   ط / 599 / ه ا و PLD00518834 21/10/2025 21/10/2025 كتب 18 JOD 3.00 3.00
    Dewey Decimal Classification     مكتبة الياسمين للأطفال مكتبة الياسمين للأطفال الأطفال 21/10/2025 1795850   ط / 599 / ه ا و PLD00518831 21/10/2025 21/10/2025 كتب 18 JOD 3.00 3.00
    Dewey Decimal Classification     مكتبة بدر الجديدة للأطفال مكتبة بدر الجديدة للأطفال الأطفال 21/10/2025 1795851   ط / 599 / ه ا و PLD00518832 21/10/2025 21/10/2025 كتب 18 JOD 3.00 3.00
    Dewey Decimal Classification     مكتبة مرج الحمام مكتبة مرج الحمام الأطفال 21/10/2025 1795855   ط / 599 / ه ا و PLD00518836 21/10/2025 21/10/2025 كتب 18 JOD 3.00 3.00
    Dewey Decimal Classification     مكتبة ومركز فرح مكتبة ومركز فرح الأطفال 21/10/2025 1795857   ط / 599 / ه ا و PLD00518838 21/10/2025 21/10/2025 كتب 18 JOD 3.00 3.00
Implemented & Customized by: BBB with SCIT (Smart Chains for Information Technology)

Powered by Koha